Statistics for Community last names

Click here to take the quiz!

General Stats

  • This quiz has been taken 721 times
  • The average score is 9 of 11

Answer Stats

HintAnswer% Correct
JeffWinger
99%
BenChang
95%
BrittaPerry
95%
PierceHawthorne
94%
TroyBarnes
92%
AbedNadir
92%
CraigPelton
92%
AnnieEdison
85%
IanDuncan
78%
ShirleyBennett
75%
MichelleSlater
52%

Score Distribution

Percentile by Number Answered

Percent of People with Each Score

Your Score History

You have not taken this quiz